| 000 | 00970cam a22002777a 4500 | ||
|---|---|---|---|
| 001 | 13474965 | ||
| 003 | GBCCL | ||
| 005 | 20241126110405.0 | ||
| 008 | 040130s2004 moua b 000 0 eng | ||
| 010 | _a 2004101317 | ||
| 020 | _a0974953903 | ||
| 035 | _a(DLC) 2004101317 | ||
| 040 |
_aDLC _cDLC |
||
| 050 | 0 | 0 | _aMLCS 2006/03770 (B) |
| 082 |
_a270.082 _bGIL |
||
| 100 | 1 |
_aGill, Deborah M. _q(Deborah Menken) _93353 |
|
| 245 | 1 | 0 |
_aGod's women : _bthen and now / _cDeborah M. Gill and Barbara L. Cavaness. |
| 260 |
_aSpringfield, MO : _aSecunderabad : _bGrace & Truth, _bAuthentic, _c2009, c2004. |
||
| 300 |
_a248 p. : _bill. ; _c22 cm. |
||
| 504 | _aIncludes bibliographical references (p. 234-238). | ||
| 650 | 0 |
_aChristianity _vwomen _91491 |
|
| 700 | 1 |
_aCavaness, Barbara L. _q(Barbara Liddle) _93354 |
|
| 906 |
_a7 _bcbc _corignew _d2 _eepcn _f20 _gy-gencatlg |
||
| 942 |
_2ddc _cBK _08 |
||
| 999 |
_c1634 _d1634 |
||